[Event "Leiden op-B 12th"]
[Site "Leiden"]
[Date "2018.07.21"]
[Round "8"]
[White "Vreeburg, Jan"]
[Black "Vergeer, Michiel"]
[Result "0-1"]
[WhiteElo "1924"]
[BlackElo "1848"]
[PlyCount "134"]
[EventDate "2018.07.13"]
[EventType "swiss"]
[EventRounds "9"]
[EventCountry "NED"]
[SourceTitle "EXT 2019"]
[Source "ChessBase"]
[SourceDate "2018.10.10"]
[SourceVersion "1"]
[SourceVersionDate "2018.10.10"]
[SourceQuality "1"]

1. d4 Nf6 2. Nf3 d5 3. c4 c6 4. Nc3 g6 5. Bf4 Bg7 6. e3 0-0 7. Bd3 Nbd7 8. 0-0 e6 9. Rc1 Nb6 10. c5 Nbd7 11. b4 Ne8 12. e4 dxe4 13. Nxe4 Ndf6 14. Qd2 Nd5 15. Bg3 f5 16. Nd6 f4 17. Bh4 Qc7 18. Nc4 Bd7 19. Nce5 Nef6 20. Rfe1 Rae8 21. a3 Bc8 22. Re2 Nd7 23. Rce1 Bf6 24. Bg5 Nxe5 25. dxe5 Bxg5 26. Nxg5 Qg7 27. Bc4 h6 28. Ne4 f3 29. gxf3 Rxf3 30. Bxd5 cxd5 31. Nf6+ Rxf6 32. exf6 Qxf6 33. Re5 Rf8 34. R1e2 Kg7 35. Qe3 Qf4 36. Qxf4 Rxf4 37. Rc2 Kf6 38. Re3 Bd7 39. Kg2 Bc6 40. Kg3 e5 41. Rce2 Rf5 42. f3 d4 43. Rb3 Bd5 44. Reb2 Bxb3 45. Rxb3 Ke6 46. Rb1 Kd5 47. Rc1 Rf6 48. b5 a6 49. a4 d3 50. Rd1 Kxc5 51. Rxd3 axb5 52. axb5 Rb6 53. Re3 Kd5 54. f4 exf4+ 55. Kxf4 Rf6+ 56. Kg4 Re6 57. Rc3 Re4+ 58. Kf3 Rb4 59. Rd3+ Ke5 60. Rd7 Rxb5 61. Rh7 h5 62. h4 Rb3+ 63. Kg2 b5 64. Rg7 Kf6 65. Rb7 Rb4 66. Kg3 Rg4+ 67. Kh3 b4 0-1

[Event "Leiden LCT op-A 11th"]
[Site "Leiden"]
[Date "2017.07.17"]
[Round "4"]
[White "Tomov, Georgi"]
[Black "Vreeburg, Jan"]
[Result "1-0"]
[WhiteElo "2273"]
[BlackElo "1927"]
[PlyCount "37"]
[EventDate "2017.07.14"]
[EventType "swiss"]
[EventRounds "9"]
[EventCountry "NED"]
[SourceTitle "EXT 2018"]
[Source "ChessBase"]
[SourceDate "2017.10.13"]
[SourceVersion "1"]
[SourceVersionDate "2017.10.13"]
[SourceQuality "1"]

1. e4 g6 2. d4 Bg7 3. Nf3 d6 4. Bc4 Nf6 5. Qe2 Nc6 6. h3 e5 7. dxe5 Nxe5 8. Nxe5 dxe5 9. 0-0 0-0 10. b3 Qd4 11. Ba3 Qxa1 12. c3 Nxe4 13. Bxf8 Kxf8 14. Qxe4 c6 15. Qf3 f6 16. Qd3 Bf5 17. Qd6+ Ke8 18. Rd1 h5 19. Qc7 1-0

[Event "Leiden LCT op-A 11th"]
[Site "Leiden"]
[Date "2017.07.15"]
[Round "2"]
[White "Buckels, Valentin"]
[Black "Vreeburg, Jan"]
[Result "0-1"]
[WhiteElo "2332"]
[BlackElo "1927"]
[PlyCount "52"]
[EventDate "2017.07.14"]
[EventType "swiss"]
[EventRounds "9"]
[EventCountry "NED"]
[SourceTitle "EXT 2018"]
[Source "ChessBase"]
[SourceDate "2017.10.13"]
[SourceVersion "1"]
[SourceVersionDate "2017.10.13"]
[SourceQuality "1"]

1. d4 Nf6 2. c4 c5 3. d5 b5 4. cxb5 a6 5. bxa6 Bxa6 6. Nc3 g6 7. Nf3 d6 8. e4 Bxf1 9. Kxf1 Bg7 10. g3 0-0 11. Kg2 Nbd7 12. a4 Nb6 13. Qe2 Qd7 14. a5 Rfb8 15. Bf4 Nc8 16. Rhb1 Rb4 17. e5 Rxf4 18. e6 fxe6 19. dxe6 Qc6 20. gxf4 Nh5 21. Qe3 d5 22. Rc1 Nd6 23. Ne5 Bxe5 24. fxe5 d4+ 25. Qf3 Nf4+ 26. Kg3 Nf5+ 0-1

[Event "Leiden op-A 9th"]
[Site "Leiden"]
[Date "2015.07.24"]
[Round "7"]
[White "Vreeburg, Jan"]
[Black "Heemskerk, Wim"]
[Result "0-1"]
[WhiteElo "1901"]
[BlackElo "2175"]
[PlyCount "60"]
[EventDate "2015.07.17"]
[EventType "swiss"]
[EventRounds "9"]
[EventCountry "NED"]
[SourceTitle "CBM 167 Extra"]
[Source "ChessBase"]
[SourceDate "2015.09.14"]
[SourceVersion "1"]
[SourceVersionDate "2015.09.14"]
[SourceQuality "1"]

1. d4 Nf6 2. Nf3 e6 3. c4 b6 4. Nc3 Bb4 5. e3 Ne4 6. Qc2 Bb7 7. Bd3 f5 8. Bd2 Nxd2 9. Kxd2 Bxf3 10. gxf3 Qh4 11. Ke2 0-0 12. Rag1 Nc6 13. Rg2 Rf7 14. Rhg1 Bd6 15. a3 Re8 16. Kd1 Kh8 17. Nb5 a6 18. Nxd6 cxd6 19. f4 e5 20. fxe5 dxe5 21. d5 Ne7 22. f3 Rc8 23. Qf2 Qf6 24. h4 b5 25. cxb5 Nxd5 26. bxa6 Qb6 27. Re1 Qb3+ 28. Ke2 f4 29. Rd1 fxe3 30. Qg3 Nf4+ 0-1

[Event "Leiden LCT op-A 7th"]
[Site "Leiden"]
[Date "2013.07.18"]
[Round "6"]
[White "Vreeburg, Jan"]
[Black "Kouwenhoven, Arjen"]
[Result "0-1"]
[WhiteElo "1922"]
[BlackElo "2004"]
[PlyCount "104"]
[EventDate "2013.07.12"]
[EventType "swiss"]
[EventRounds "9"]
[EventCountry "NED"]
[SourceTitle "CBM 155 Extra"]
[Source "ChessBase"]
[SourceDate "2013.08.26"]
[SourceVersion "1"]
[SourceVersionDate "2013.08.26"]
[SourceQuality "1"]

1. d4 Nf6 2. Nf3 e6 3. c4 c5 4. d5 exd5 5. cxd5 d6 6. Nc3 g6 7. e4 Bg7 8. Be2 0-0 9. 0-0 a6 10. a4 Bg4 11. Nd2 Bxe2 12. Qxe2 Re8 13. f3 Nbd7 14. Nc4 Nb6 15. Bg5 h6 16. Bh4 Nxc4 17. Qxc4 Qb6 18. Rab1 Nd7 19. f4 Qb4 20. Qd3 Qd4+ 21. Qxd4 cxd4 22. Nd1 Rxe4 23. Nf2 Re2 24. Rfc1 Nc5 25. Re1 Rae8 26. Rxe2 Rxe2 27. Kf1 Re3 28. Re1 Rxe1+ 29. Kxe1 Nxa4 30. b3 Nb6 31. Be7 Nc8 32. Bd8 Kf8 33. Ne4 f5 34. Nd2 Ke8 35. Ba5 b5 36. Ke2 Ne7 37. Kd3 Nxd5 38. g3 Kd7 39. Nf3 Ne7 40. Bb6 Nc6 41. Nh4 Nb4+ 42. Kd2 Nd5 43. Ba5 Ne7 44. Kd3 Bf6 45. Nf3 Nc6 46. Bb6 Ke6 47. Bc7 Kd5 48. Nd2 Nb4+ 49. Ke2 d3+ 50. Ke3 Bd4+ 51. Kf3 Nc2 52. Nb1 Ne1# 0-1